| 000 | 00674nam a2200229 a 4500 | ||
|---|---|---|---|
| 001 | BRL_1049 | ||
| 005 | 20190320211018.0 | ||
| 008 | 051113s1976----mx-ao#####---#000-0#spa-# | ||
| 041 | _aspa | ||
| 044 | _amx | ||
| 050 | 4 |
_aNK9900.7.O4 _b.E87 1976 |
|
| 100 | 1 |
_aEspejel, Carlos _925222 |
|
| 245 | 1 | 0 |
_aOlinalá _cCarlos Espejel. |
| 260 |
_aMéxico _bSEP-INI : Museo Nacional de Artes e Industrias Populares _c1976 |
||
| 300 |
_a81 p. _bil. _c22 cm. |
||
| 500 | _aAu1184 | ||
| 650 | 1 | 4 |
_aLacas y laqueado _zOlinalá (Guerrero) _925679 |
| 650 | 1 | 4 |
_aBarnices _zOlinalá (Guerrero) _925680 |
| 650 | 1 | 4 |
_aArtesanías _zOlinalá (Guerrero) _925681 |
| 902 | _aGRL | ||
| 942 |
_2lcc _cB |
||
| 999 |
_c9861 _d9861 |
||